| 000 | 01643 a2200313 4500 | ||
|---|---|---|---|
| 001 | 45052 | ||
| 005 | 20260407155725.0 | ||
| 008 | 260407a2011 arg spa d | ||
| 003 | AR-UNSa-BCEJYS | ||
| 040 |
_aAR-UNSa-BCEJYS _bspa _cAR-UNSa-BCEJYS |
||
| 080 |
_a331.5 _xMercado de Trabajo. Empleo |
||
| 245 | 1 | 0 | _aTrabajadores independientes, mercado laboral e informalidad en Argentina |
| 020 | _a978-92-2-324294-7 | ||
| 264 | 1 |
_aBuenos Aires : _bOIT _c2011 |
|
| 300 |
_a235 p. _c30 cm. |
||
| 505 | _a1. Empleo independiente : motivaciones para su análisis y principales hallazgos / Fabio Bertranou y Roxana Maurizio – 2. Hipótesis y evidencia empírica sobre el empleo independiente / Fabio Bertranou y Roxana Maurizio – 3. Caracterización del trabajo independiente en Argentina. Un análisis descriptivo de largo plazo, 1974 – 2009 / Maribel Jiménez – 4. La informalidad en el trabajo independiente: ¿ escape o exclusión ? – 5. Movilidad ocupacional de los trabajadores independientes en Argentina. Un análisis de su intensidad, características y determinantes / Roxana Maurizio – 6. El trabajo independiente en los registros de la Seguridad Social / Hernán Ruffo. | ||
| 041 | _aspa | ||
| 942 | _cBK | ||
| 590 | _aniveau_biblio:m niveau_hierar:0 | ||
| 100 | 1 | _aMaurizio, Roxana | |
| 700 | 1 | _aBertranou, Fabio | |
| 700 | 1 | _aContartese, Daniel | |
| 700 | 1 | _aJimenéz, Maribel | |
| 700 | 1 | _aMazorra, Ximena | |
| 700 | 1 | _aRuffo, Hernán | |
| 700 | 1 | _aSchachtel, Lila | |
| 700 | 1 | _aSchleser, Diego | |
| 856 | 4 | 1 |
_uhttps://www.biblioeco.unsa.edu.ar/pmb/images/libros/L127074.jpg _yImagen de portada _qimage/jpeg |
| 999 |
_c3903 _d3903 |
||